| 000 | 01119nam a22002777a 4500 | ||
|---|---|---|---|
| 001 | 6739 | ||
| 003 | FISKH | ||
| 005 | 20250820123614.0 | ||
| 008 | 250523b cb ||||| |||| 00| 0 eng d | ||
| 020 | _a9781416949480 | ||
| 040 |
_aFISKH _beng _cFISKH _dFISKH177 LCC PZ7.L659105 M |
||
| 050 | _aPZ7.L659105 M | ||
| 082 | _a177 | ||
| 100 | _aLindner, Brooke | ||
| 245 |
_aMallory on guard ; _bSpiderwick Chronicles / _cby Brooke Lindner ; Based on the screenplay by Karey Kirkpatrick and David Berenbaum and John Sayles from the books by Tony DiTerlizzi and Holly Black |
||
| 260 |
_aNew York : _bSimon Spotlight, _c2008. |
||
| 300 |
_a32 pages : _bcolor illustrations ; _c23 cm |
||
| 490 |
_aReady to read : _vlevel 3 |
||
| 505 | _aL | ||
| 520 | _aMallory Grace and her family move to a new home, where her brother, Jared, discovers a brownie living within the home's walls and a group of mean goblins trying to steal the secret book the brownie is protecting. | ||
| 521 | 8 |
_a510
_bLexile estimate |
|
| 521 | 8 |
_aL
_bRaz-Plus |
|
| 650 |
_aMovie _vWhite |
||
| 942 |
_2ddc _cBK _n0 |
||
| 999 |
_c6739 _d6739 |
||